Library Logo

Pioneer International University Library Catalogue

The Toyota way : (Record no. 2196)

MARC details
000 -LEADER
fixed length control field 00624cam a22001817a 4500
005 - DATE AND TIME OF LATEST TRANSACTION
control field 20250901165326.0
008 - FIXED-LENGTH DATA ELEMENTS--GENERAL INFORMATION
fixed length control field 040524s2004 nyua b 001 0 eng d
010 ## - LIBRARY OF CONGRESS CONTROL NUMBER
LC control number 2004300007
020 ## - INTERNATIONAL STANDARD BOOK NUMBER
International Standard Book Number 0071392319
050 00 - LIBRARY OF CONGRESS CALL NUMBER
Classification number TL278
Item number .L54 2004
082 04 - DEWEY DECIMAL CLASSIFICATION NUMBER
Classification number 658.5
Edition information 22
100 1# - MAIN ENTRY--PERSONAL NAME
Personal name Liker, Jeffrey K.
245 14 - TITLE STATEMENT
Title The Toyota way :
Remainder of title 14 management principles from the world's greatest manufacturer /
Statement of responsibility, etc. Jeffrey K. Liker.
260 ## - PUBLICATION, DISTRIBUTION, ETC.
Place of publication, distribution, etc. New York :
Name of publisher, distributor, etc. McGraw-Hill,
Date of publication, distribution, etc. c2004.
300 ## - PHYSICAL DESCRIPTION
Extent xxii, 330 p. :
Other physical details ill. ;
Dimensions 24 cm.
500 ## - GENERAL NOTE
General note "The company that invented lean production"--Jacket.
942 ## - ADDED ENTRY ELEMENTS (KOHA)
Source of classification or shelving scheme Library of Congress Classification
Classification part TL278 .L55 2004
Holdings
Withdrawn status Lost status Source of classification or shelving scheme Damaged status Not for loan Home library Current library Shelving location Date acquired Total checkouts Full call number Barcode Date last seen Price effective from Koha item type
    Library of Congress Classification     Main Library Main Library   03/11/2021   TL278 | .L54 2004 PIU0016016 03/11/2021 03/11/2021 Books